1169 1462 1370 1920 1520 1158 1406 1175 1211 1330 1143 1648 1112 1651 1744 1482 1378 1446 1411 1047 1829 1771 1472 1607 1682 1295 1482 1052 1906 1439 1021 1563 1866 1148 1375 1207 1403 1439 1924 1559 1984 1431 1798 1060 1187 1352 1420 1609 1925 1562 1955 1503 1747 1233 1989 1277 1647 1438 1192 1146 1998 1589 1414 1703 1956 1638 1033 1268 1083 1451 1293 1044 1436 1383 1981 1008 1028 1394 1795 1781 1361 1661 1559 1174 1429 1715 1353 1662 1241 1419 1575 1198 1024 1046 1690 1571 1245 1444 1160 BCNSPRNW ULIB Ver.6.0+V

เปลี่ยนเป็นภาษาไทย

Change to English
 แสดงรายละเอียดบรรณานุกรม
  กลับหน้าหลัก

Brief Record : Get Marc (ISO 2709) : E-mail record : QR code < ปิดหน้าต่าง
LEADER : 00000nam 2200000uu 4500
001    13399125029
003     ULIB
008    160529s2555||||th 000 0 tha d
020    ^a9786169042952
060  4 ^aWA525^bน574ก
100 0  ^aนิตย์ ทัศนิยม
245 10 ^aการสร้างเสริมสุขภาพ :^bการสร้างพลังอำนาจ /^cนิตย์ ทัศนิยม, สมพนธ์ ทัศนิยม
250    ^aพิมพ์ครั้งที่ 1
260    ^aขอนแก่น :^bคลังนานาวิทยา,^c2555
300    ^a184 หน้า
505 0  ^a^tบทนำ : แนวคิดการสร้างเสริมสุขภาพ - -^tกระบวนทัศน์สุขภาพใหม่ - -^tการสร้างพลังอำนาจ - -^tการวิจัยปฏิบัติการแบบมีส่วนร่วม - -^tการสร้างความตระหนักในการลดบริโภคเกลือ - -^tการนำเสนอแนวคิดปัจจัยทางสังคมที่กำหนดสุขภาพสู่การปฏิบัติ - -^tเครือข่ายการพัฒนาบริการสุขภาพระดับปฐมภูมิเขตภาคอีสาน - -^tการพัฒนางานประจำสู่งานวิจัย - -^tกระบวนการพัฒนาโรงพยาบาลส่งเสริมสุขภาพ - -^tการสอนวิชาการส่งเสริมสุขภาพ
650  7 ^aการส่งเสริมสุขภาพ
650  7 ^aการสร้างเสริมสุขภาพ
700 0  ^aสมพนธ์ ทัศนิยม
945    ^p150^l0^i23762
945    ^p150^l0^i23763
999    ^aทศพร เกษรทอง
รายการนี้ยังไม่มีแท็ก
คุณยังไม่ได้ล็อกอิน คุณสามารถมีกิจกรรมร่วมกับเว็บไซต์ได้ แต่ต้องล็อกอินก่อน ::
  ล็อกอิน

รายการสื่อสารสนเทศ

ลำดับที่ ประเภท เลขเรียก/บาร์โค้ด สถานที่ สถานะ
1. วิทยาศาสตร์การแพทย์ และสุขภาพ
วิทยาศาสตร์การแพทย์ และสุขภาพ
สถานะ=หนังสือเก่า
WA525 น574ก ฉ.1 
  Barcode: 23762
ห้องสมุดวิทยาเขตนครสวรรค์
►ส่วนจัดเก็บหนังสือเก่า นว.
บนชั้น
  ขอยืม
2. วิทยาศาสตร์การแพทย์ และสุขภาพ
วิทยาศาสตร์การแพทย์ และสุขภาพ
สถานะ=หนังสือเก่า
WA525 น574ก ฉ.2 
  Barcode: 23763
ห้องสมุดวิทยาเขตนครสวรรค์
►ส่วนจัดเก็บหนังสือเก่า นว.
บนชั้น
  ขอยืม

รายการใกล้เคียง
    ผู้แต่ง [นิตย์ ทัศนิยม]

    หัวเรื่อง [การส่งเสริมสุขภาพ]
    หัวเรื่อง [การสร้างเสริมสุขภาพ]

BibComment


ยังไม่เคยถูกคอมเมนท์

คอมเมนท์ทรัพยากรรายการนี้
  คอมเมนท์: การสร้างเสริมสุข..


 Copyright 2026. Bcnsprnw @Library